| 000 | 00572nam a22001577a 4500 | ||
|---|---|---|---|
| 003 | OSt | ||
| 005 | 20151003153557.0 | ||
| 008 | 151003b xxu||||| |||| 00| 0 eng d | ||
| 040 | _cRUA | ||
| 082 | _aAGR SRE 1996 B017 Or.1 | ||
| 100 |
_91926 _aSREY, SOU PHEA |
||
| 245 | _aStatistical analysis of rice production in banteay meanchey (sisophon) Province, ការវិភាគស្ថិតិផលស្រូវ ក្នុងខេត្តបន្ទាយមានជ័យ | ||
| 260 |
_aPhnom Penh _bRUA _c1996 |
||
| 300 |
_a60p. _bill. _c29cm. |
||
| 942 |
_2ddc _cAGR |
||
| 999 |
_c1820 _d1820 |
||